00377nam a2200121Ia 4500003000400000005001700004008004100021040001800062041000800080100005400088245007700142260003600219OSt20260122113302.0211028s2015 xx 000 0 und d cAIMIT LIBRARY aeng aUmmer, Mohamed Rashik; Kairana, Sneha S.g1316085 aStudy on impact of sales promotion in the sales of city Bajaj auto ltd / aMangalorebSneha Kairannac2015